[Event "PNWCC-Bulgaria Hybrid m3"]
[Site "Chess.com INT"]
[Date "2022.01.30"]
[Round "3"]
[White "Vasilev, Plamen"]
[Black "Liu, Kimberly"]
[Result "1-0"]
[WhiteElo "2105"]
[BlackElo "1932"]
[PlyCount "93"]
[EventDate "2022.01.29"]
[EventType "team-match"]
[EventRounds "4"]
[EventCountry "USA"]
[SourceTitle "CBM 206 Extra"]
[Source "ChessBase"]
[SourceDate "2022.03.31"]
[SourceVersion "1"]
[SourceVersionDate "2022.03.31"]
[SourceQuality "1"]
[WhiteTeam "Bulgaria"]
[BlackTeam "PNWCC"]
[WhiteTeamCountry "BUL"]
[BlackTeamCountry "USA"]

1. d4 Nf6 2. g3 e6 3. c4 d5 4. Bg2 Be7 5. Nc3 0-0 6. Nf3 dxc4 7. Qa4 a6 8. Qxc4 b5 9. Qb3 Bb7 10. 0-0 Nbd7 11. Ne5 Bxg2 12. Kxg2 c5 13. Nc6 Qe8 14. Nxe7+ Qxe7 15. dxc5 Nxc5 16. Qb4 Qb7+ 17. f3 Rac8 18. Be3 Nd5 19. Nxd5 Qxd5 20. Rac1 Nb7 21. Rfd1 Qe5 22. Kf2 Rxc1 23. Rxc1 Qd6 24. Qxd6 Nxd6 25. Rc6 Nc4 26. Bc5 Ra8 27. b3 Ne5 28. Rc7 h5 29. h4 Rd8 30. Bb4 Rd7 31. Rc8+ Kh7 32. Bc3 Ng6 33. Rc5 e5 34. Rc6 Ra7 35. Bb4 f6 36. Bc5 Ra8 37. e4 Kg8 38. Ke2 Nf8 39. Kd2 Kf7 40. Rc7+ Kg8 41. Re7 Rd8+ 42. Kc3 Nd7 43. Bd6 Nf8 44. Bb4 Rc8+ 45. Kb2 g5 46. hxg5 Ng6 47. Re6 1-0

[Event "PNWCC Online blitz JP 2nd"]
[Site "Chess.com INT"]
[Date "2020.03.21"]
[Round "2"]
[White "Hakobyan, Aram"]
[Black "Liu, Kimberly"]
[Result "1-0"]
[WhiteElo "2588"]
[BlackElo "1904"]
[PlyCount "61"]
[EventDate "2020.03.21"]
[EventType "swiss (blitz)"]
[EventRounds "11"]
[EventCountry "USA"]
[SourceTitle "CBM 195 Extra"]
[Source "ChessBase"]
[SourceDate "2020.05.31"]
[SourceVersion "1"]
[SourceVersionDate "2020.05.31"]
[SourceQuality "1"]

1. d4 e6 2. Nf3 d5 3. c4 Nf6 4. Nc3 Bb4 5. Bg5 h6 6. Bxf6 Qxf6 7. e3 0-0 8. Rc1 b6 9. cxd5 exd5 10. Qb3 Bxc3+ 11. Qxc3 c6 12. Bd3 Bb7 13. Ne5 Qd6 14. 0-0 Nd7 15. Nxd7 Qxd7 16. b4 a5 17. a4 Rfc8 18. b5 c5 19. dxc5 Rxc5 20. Qd4 Qe7 21. Bf5 g6 22. Bd3 Rac8 23. Rcd1 Rc3 24. Qxb6 Qc7 25. Qd4 Qe7 26. h3 Kh7 27. f4 f6 28. Kh2 Kg7 29. Rf3 Kf7 30. Rg3 f5 31. Bxf5 1-0

[Event "Wch U16 Girls"]
[Site "Montevideo"]
[Date "2017.09.26"]
[Round "11"]
[White "Harshita, Guddanti"]
[Black "Liu, Kimberly"]
[Result "1-0"]
[WhiteElo "2051"]
[BlackElo "1795"]
[PlyCount "131"]
[EventDate "2017.09.17"]
[EventType "swiss"]
[EventRounds "11"]
[EventCountry "URU"]
[SourceTitle "EXT 2018"]
[Source "ChessBase"]
[SourceDate "2017.10.13"]
[SourceVersion "1"]
[SourceVersionDate "2017.10.13"]
[SourceQuality "1"]

1. e4 e6 2. d4 d5 3. Nc3 Nf6 4. Bg5 Be7 5. e5 Nfd7 6. Bxe7 Qxe7 7. f4 a6 8. Nf3 c5 9. Qd2 Nc6 10. dxc5 Nxc5 11. Bd3 b5 12. 0-0 0-0 13. Rae1 b4 14. Ne2 Qa7 15. Kh1 a5 16. Qe3 Nxd3 17. Qxa7 Rxa7 18. cxd3 Ba6 19. Rd1 Rc7 20. Nfd4 Nxd4 21. Nxd4 Rfc8 22. Kg1 a4 23. Kf2 a3 24. b3 Rc3 25. Ke3 Kf8 26. g4 Re8 27. Rf2 g6 28. h4 Kg7 29. Rh2 Re7 30. h5 Re8 31. Rh3 Kf8 32. hxg6 hxg6 33. Kd2 Ke7 34. Nc2 Rec8 35. Nxb4 Bb7 36. Rf1 d4 37. Rh7 R8c5 38. f5 gxf5 39. gxf5 Rxe5 40. fxe6 Kxe6 41. Rhxf7 Rh5 42. Rxb7 Rh2+ 43. Kd1 Rb2 44. Ra7 Rc8 45. Rxa3 Rb1+ 46. Ke2 Rb2+ 47. Kf3 Rf8+ 48. Ke4 Rxf1 49. Ra6+ Kd7 50. Kxd4 Rf4+ 51. Kc3 Rh2 52. Rg6 Rh5 53. d4 Rhh4 54. Nc6 Rf1 55. Kc4 Rh5 56. Ne5+ Kc7 57. Rg7+ Kd6 58. Rg6+ Kc7 59. Rc6+ Kb7 60. Rc5 Rf4 61. Nd3 Rff5 62. Rxf5 Rxf5 63. b4 Kb6 64. a4 Ka6 65. Nc5+ Kb6 66. a5+ 1-0

[Event "Wch U16 Girls"]
[Site "Montevideo"]
[Date "2017.09.17"]
[Round "1"]
[White "Liu, Kimberly"]
[Black "Serikbay, Assel"]
[Result "0-1"]
[WhiteElo "1795"]
[BlackElo "2145"]
[PlyCount "62"]
[EventDate "2017.09.17"]
[EventType "swiss"]
[EventRounds "11"]
[EventCountry "URU"]
[SourceTitle "CBM 180 Extra"]
[Source "ChessBase"]
[SourceDate "2017.10.06"]
[SourceVersion "1"]
[SourceVersionDate "2017.10.06"]
[SourceQuality "1"]

1. e4 c5 2. Nc3 e6 3. f4 Nc6 4. Nf3 Nge7 5. d3 g6 6. g3 Bg7 7. Bg2 0-0 8. 0-0 d5 9. Qe1 a6 10. g4 b5 11. e5 f6 12. Qg3 Qc7 13. Bd2 Bd7 14. Rae1 Nd4 15. exf6 Bxf6 16. Ne2 Nxf3+ 17. Bxf3 Bxb2 18. c3 b4 19. cxb4 cxb4 20. d4 Qb6 21. Be3 Bb5 22. Rd1 Rac8 23. Rd2 Bc3 24. Rdd1 Bc4 25. Rf2 Bxa2 26. Nxc3 Rxc3 27. Bd2 Rd3 28. Qh4 Nc6 29. Be2 Rxd4 30. h3 Bb3 31. Rb1 Rxd2 0-1